[Event "Ghent op 46th"]
[Site "Ghent"]
[Date "2025.07.22"]
[Round "7"]
[White "Bowcott Terry, Finlay"]
[Black "Maerevoet, Sim"]
[Result "1/2-1/2"]
[WhiteElo "2183"]
[BlackElo "2454"]
[PlyCount "80"]
[EventDate "2025.07.19"]
[EventType "swiss"]
[EventRounds "9"]
[EventCountry "BEL"]
[SourceTitle "CB30_2025"]
[SourceDate "2025.07.23"]
[SourceVersion "1"]
[SourceVersionDate "2025.07.23"]
[SourceQuality "1"]

1. e4 c5 2. Nf3 d6 3. d4 cxd4 4. Qxd4 Nf6 5. Nc3 Bd7 6. Bc4 Nc6 7. Qe3 e6 8. 0-0 Be7 9. Rd1 a6 10. Bb3 b5 11. Qf4 0-0 12. e5 dxe5 13. Nxe5 Nxe5 14. Qxe5 Qb8 15. Qxb8 Rfxb8 16. Bf4 Rc8 17. Bd6 Kf8 18. Rd4 Bxd6 19. Rxd6 Ke7 20. Rad1 Bc6 21. R6d4 g5 22. a4 Rab8 23. axb5 axb5 24. Ra1 Ra8 25. Rxa8 Rxa8 26. f3 h5 27. Na2 g4 28. Nb4 Bb7 29. Kf2 Ra1 30. c4 Rb1 31. Rd2 bxc4 32. Bxc4 h4 33. Bb5 Rc1 34. Rc2 Rxc2+ 35. Nxc2 gxf3 36. gxf3 Nh7 37. Ke3 e5 38. Bd3 Ng5 39. Be4 Bc8 40. f4 exf4+ 1/2-1/2

[Event "Ghent op 46th"]
[Site "Ghent"]
[Date "2025.07.22"]
[Round "8"]
[White "Maerevoet, Sim"]
[Black "Carlin, John"]
[Result "1-0"]
[WhiteElo "2454"]
[BlackElo "2183"]
[PlyCount "73"]
[EventDate "2025.07.19"]
[EventType "swiss"]
[EventRounds "9"]
[EventCountry "BEL"]
[SourceTitle "CB30_2025"]
[SourceDate "2025.07.23"]
[SourceVersion "1"]
[SourceVersionDate "2025.07.23"]
[SourceQuality "1"]

1. e4 c5 2. Nf3 d6 3. d4 cxd4 4. Nxd4 Nf6 5. Nc3 a6 6. Nb3 Nc6 7. Be3 Ng4 8. Bd2 Nf6 9. f3 e6 10. Qe2 Be7 11. 0-0-0 Bd7 12. g4 b5 13. g5 Nh5 14. f4 g6 15. Qf2 b4 16. Na4 Rb8 17. Be3 Na5 18. Bb6 Nxb3+ 19. axb3 Qc8 20. Bd4 0-0 21. Nb6 Qc7 22. Nxd7 Qxd7 23. Be2 e5 24. Bxe5 Qc7 25. Bd4 Ng7 26. Bc4 Ne6 27. Bd5 Rbc8 28. Rd2 Qa5 29. Kb1 Rb8 30. h4 Nc7 31. Bc4 d5 32. exd5 Nb5 33. h5 Nxd4 34. Rxd4 Bd6 35. f5 Qb6 36. hxg6 fxg6 37. Qh4 1-0

[Event "Ghent op 46th"]
[Site "Ghent"]
[Date "2025.07.20"]
[Round "4"]
[White "Smekens, Ruben"]
[Black "Maerevoet, Sim"]
[Result "1/2-1/2"]
[WhiteElo "2033"]
[BlackElo "2454"]
[PlyCount "174"]
[EventDate "2025.07.19"]
[EventType "swiss"]
[EventRounds "9"]
[EventCountry "BEL"]
[SourceTitle "CB30_2025"]
[SourceDate "2025.07.23"]
[SourceVersion "1"]
[SourceVersionDate "2025.07.23"]
[SourceQuality "1"]

1. e4 c5 2. Nf3 g6 3. Bc4 Bg7 4. 0-0 d6 5. c3 Nf6 6. Re1 0-0 7. Bb3 b5 8. d4 Bb7 9. Bc2 Nbd7 10. h3 e5 11. dxe5 dxe5 12. a4 a6 13. axb5 axb5 14. Rxa8 Bxa8 15. Na3 Qb8 16. Qe2 c4 17. Bg5 Nc5 18. Nd2 Ne6 19. Be3 Nh5 20. b3 Nhf4 21. Qf1 cxb3 22. Bxb3 b4 23. cxb4 Qxb4 24. Nc2 Qc3 25. Qc4 Rc8 26. Qxc3 Rxc3 27. f3 Bf8 28. Ra1 Bc6 29. Ra5 Nc5 30. Bxf4 exf4 31. Nd4 Bd7 32. Bd5 Rc1+ 33. Kh2 Be7 34. N2b3 Nxb3 35. Nxb3 Rc7 36. Ra1 Kg7 37. Rc1 Ra7 38. Ra1 Rxa1 39. Nxa1 Bc5 40. Nb3 Bf2 41. Na5 Kf6 42. Nc4 Bc5 43. Kh1 h5 44. Kh2 Be8 45. Kh1 Ke7 46. Kh2 f6 47. g3 fxg3+ 48. Kxg3 h4+ 49. Kg2 Bd7 50. Kh2 Bf2 51. Kg2 Bg3 52. Bg8 Kf8 53. Bd5 Kg7 54. Ne3 Bf4 55. Ng4 Bb5 56. Be6 Bg5 57. Kf2 Kf8 58. Bb3 Ke7 59. Ba2 Bf4 60. Bd5 Bd7 61. Kg2 Bd2 62. Bc4 Bc6 63. Bb3 Bc3 64. Ne3 Bd4 65. Bd5 Bd7 66. Nc4 Be8 67. Bg8 Bc6 68. Bd5 Ba4 69. Bg8 Kf8 70. Bd5 Kg7 71. Be6 Kh6 72. f4 Bc2 73. Kf3 Bd1+ 74. Kg2 Be2 75. e5 Kg7 76. Bd5 Bd3 77. e6 Bc5 78. Nd2 Kf8 79. Nf3 Be3 80. Nxh4 Bxf4 81. Kf3 Bg5 82. Ng2 Ke7 83. h4 Bh6 84. Nf4 Bc2 85. Bc4 Bf5 86. Nd5+ Kxe6 87. Ne3+ Ke5 1/2-1/2

[Event "Pula op 37th"]
[Site "Pula"]
[Date "2025.06.16"]
[Round "2"]
[White "Nelson, Jonathan P"]
[Black "Maerevoet, Sim"]
[Result "0-1"]
[WhiteElo "2106"]
[BlackElo "2456"]
[PlyCount "90"]
[EventDate "2025.06.15"]
[EventType "swiss"]
[EventRounds "9"]
[EventCountry "CRO"]
[SourceTitle "CB26_2025"]
[SourceDate "2025.06.25"]
[SourceVersion "1"]
[SourceVersionDate "2025.06.25"]
[SourceQuality "1"]

1. d4 d5 2. Nf3 Nf6 3. e3 c6 4. Bd3 Bg4 5. Nbd2 Nbd7 6. 0-0 e5 7. dxe5 Nxe5 8. Be2 Nxf3+ 9. Bxf3 Bxf3 10. Qxf3 Be7 11. b3 Qa5 12. e4 0-0 13. exd5 cxd5 14. c4 Bb4 15. Rd1 Rad8 16. a3 Bc3 17. Ra2 dxc4 18. Nxc4 Qf5 19. Bd2 Qxf3 20. gxf3 Rd3 21. Rc1 Bxd2 22. Nxd2 Rfd8 23. Rac2 g6 24. Nf1 Rxb3 25. Rc7 Nd5 26. Rd1 Nxc7 27. Rxd8+ Kg7 28. Rd7 Ne6 29. Ne3 Nf4 30. h4 Kf6 31. Rc7 Ne6 32. Ng4+ Kg7 33. Rd7 Nc5 34. Rc7 Nd3 35. h5 gxh5 36. Ne3 Rxa3 37. Rxb7 h4 38. Rb5 Ra1+ 39. Kh2 Nxf2 40. Nf5+ Kf6 41. Nxh4 Nd3 42. Rf5+ Ke6 43. Rh5 a5 44. Nf5 Ra2+ 45. Kg3 Rg2+ 0-1

[Event "Vecindario Montalvo Memorial 17th"]
[Site "Vecindario"]
[Date "2025.04.18"]
[Round "7"]
[White "Maerevoet, Sim"]
[Black "Fiorito, Fabian"]
[Result "1-0"]
[WhiteElo "2451"]
[BlackElo "2268"]
[PlyCount "75"]
[EventDate "2025.04.12"]
[EventType "swiss"]
[EventRounds "9"]
[EventCountry "ESP"]
[SourceTitle "CB17_2025"]
[SourceDate "2025.04.23"]
[SourceVersion "1"]
[SourceVersionDate "2025.04.23"]
[SourceQuality "1"]

1. d4 d5 2. Nf3 Nf6 3. e3 e6 4. Bd3 c5 5. b3 Be7 6. 0-0 0-0 7. Bb2 b6 8. Qe2 Nbd7 9. a4 a6 10. Nbd2 Bb7 11. Ne5 Re8 12. f4 Ne4 13. Nxe4 dxe4 14. Bc4 cxd4 15. Nxd7 Qxd7 16. Bxd4 Bc5 17. Bxc5 bxc5 18. Rad1 Qc8 19. Qh5 g6 20. Qe5 a5 21. Rd6 Ba6 22. Qxe4 Bxc4 23. Qxc4 Rd8 24. Rfd1 Rxd6 25. Rxd6 Qc7 26. Qd3 Rc8 27. Rd7 Qb8 28. h3 Qb4 29. Rxf7 Kxf7 30. Qd7+ Kf6 31. Qxc8 Kf5 32. Kh2 Qc3 33. g4+ Ke4 34. Qxe6+ Kf3 35. Qd5+ Kf2 36. Qg2+ Ke1 37. e4 Kd1 38. Qf1+ 1-0

[Event "Vecindario Montalvo Memorial 17th"]
[Site "Vecindario"]
[Date "2025.04.15"]
[Round "4"]
[White "Rodriguez Melian, Jose Luis"]
[Black "Maerevoet, Sim"]
[Result "0-1"]
[WhiteElo "2029"]
[BlackElo "2451"]
[PlyCount "78"]
[EventDate "2025.04.12"]
[EventType "swiss"]
[EventRounds "9"]
[EventCountry "ESP"]
[SourceTitle "CB17_2025"]
[SourceDate "2025.04.23"]
[SourceVersion "1"]
[SourceVersionDate "2025.04.23"]
[SourceQuality "1"]

1. d4 Nf6 2. c4 e6 3. g3 d5 4. Bg2 dxc4 5. Nf3 c6 6. Ne5 Bb4+ 7. Nc3 Nd5 8. Qc2 Nxc3 9. bxc3 Qxd4 10. cxb4 Qxa1 11. Nxc4 0-0 12. 0-0 Qf6 13. h4 h6 14. Bb2 Qe7 15. Qc3 f6 16. g4 e5 17. Ne3 Be6 18. Be4 Na6 19. a3 Nc7 20. Bb1 Nd5 21. Qc2 g6 22. g5 hxg5 23. h5 gxh5 24. Bxe5 Qg7 25. Bb2 Rae8 26. Nc4 Bh3 27. Re1 Re6 28. e4 g4 29. Kh2 Rfe8 30. e5 fxe5 31. Rxe5 Rxe5 32. Bxe5 Rxe5 33. Nxe5 Qxe5+ 34. Kg1 Ne7 35. Ba2+ Kg7 36. Qd2 g3 37. Bb1 gxf2+ 38. Qxf2 Bf5 39. Bxf5 Nxf5 0-1

[Event "Vecindario Montalvo Memorial 17th"]
[Site "Vecindario"]
[Date "2025.04.13"]
[Round "2"]
[White "Blanco Garcia Bajo, David"]
[Black "Maerevoet, Sim"]
[Result "1-0"]
[WhiteElo "2098"]
[BlackElo "2451"]
[PlyCount "93"]
[EventDate "2025.04.12"]
[EventType "swiss"]
[EventRounds "9"]
[EventCountry "ESP"]
[SourceTitle "CB17_2025"]
[SourceDate "2025.04.23"]
[SourceVersion "1"]
[SourceVersionDate "2025.04.23"]
[SourceQuality "1"]

1. e4 c5 2. Nc3 Nc6 3. g3 g6 4. Bg2 Bg7 5. d3 d6 6. Be3 Rb8 7. Qd2 b5 8. Nge2 b4 9. Nd1 a5 10. 0-0 h5 11. h3 e6 12. a3 Nd4 13. axb4 axb4 14. Bxd4 cxd4 15. b3 Ne7 16. f4 Qb6 17. Nb2 d5 18. Kh1 Bb7 19. Qe1 0-0 20. Qf2 Rfc8 21. Na4 Qa7 22. Ra2 dxe4 23. dxe4 Ba6 24. Rd1 Bxe2 25. Qxe2 Qc7 26. Rd2 h4 27. Qg4 hxg3 28. Qxg3 Bh6 29. Rf2 Kh7 30. Nb2 Ra8 31. Rxa8 Rxa8 32. Nd3 Qc3 33. Qh4 Ng8 34. f5 Ra1+ 35. Bf1 exf5 36. exf5 g5 37. Qe4 Kg7 38. Qe5+ Nf6 39. Kh2 Ra2 40. Nf4 gxf4 41. Rg2+ Kh7 42. Qxf6 Qc7 43. Kh1 Ra1 44. Rg1 Qb7+ 45. Kh2 Rd1 46. Rg6 fxg6 47. fxg6+ 1-0

[Event "Titled Tuesday intern op 04th Feb Late"]
[Site "Chess.com INT"]
[Date "2025.02.04"]
[Round "2"]
[White "Maerevoet, Sim"]
[Black "Sroczynski, Maciej"]
[Result "0-1"]
[WhiteElo "2448"]
[BlackElo "2247"]
[PlyCount "192"]
[EventDate "2025.02.04"]
[EventType "swiss (blitz)"]
[EventRounds "11"]
[EventCountry "USA"]
[SourceTitle "CB07_2025"]
[SourceDate "2025.02.12"]
[SourceVersion "1"]
[SourceVersionDate "2025.02.12"]
[SourceQuality "1"]

1. c4 Nf6 2. Nc3 g6 3. e4 d6 4. d4 Bg7 5. Be2 0-0 6. Be3 e5 7. d5 c6 8. h4 cxd5 9. cxd5 a6 10. h5 b5 11. hxg6 fxg6 12. Bf3 Nbd7 13. Nge2 Nb6 14. Qd3 Nc4 15. Bc1 Bd7 16. b3 Nb6 17. Be3 b4 18. Nb1 Bb5 19. Qd2 a5 20. a3 Nbd7 21. axb4 axb4 22. Rxa8 Qxa8 23. Qxb4 Bd3 24. 0-0 Qb8 25. Qxb8 Rxb8 26. Nbc3 Rxb3 27. Rd1 Bxe2 28. Nxe2 Nb6 29. Rc1 Bf8 30. Rc6 Na4 31. Rc8 Kf7 32. Rc7+ Be7 33. Kh2 Nb2 34. Ng3 Rb4 35. Bd2 Rc4 36. Rb7 Nd3 37. Be3 Nf4 38. Bb6 Ke8 39. Rb8+ Kf7 40. Rb7 Ke8 41. Rc7 Rb4 42. Ba5 Ra4 43. Bd2 h5 44. Bxf4 exf4 45. Ne2 g5 46. Nc3 Rb4 47. Be2 g4 48. f3 Rb2 49. Bb5+ Kf7 50. Be2 Rc2 51. Bd1 Rc1 52. e5 Ne8 53. e6+ Kf8 54. Rc8 Bh4 55. fxg4 hxg4 56. Bxg4 Bg3+ 57. Kh3 Ke7 58. Bf3 Nf6 59. Rc7+ Kd8 60. Rd7+ Nxd7 61. exd7 Kxd7 62. Ne2 Rh1+ 63. Kg4 Rh8 64. Kf5 Rf8+ 65. Ke4 Re8+ 66. Kf5 Re5+ 67. Kg4 Kc7 68. Nxg3 fxg3 69. Kxg3 Kb6 70. Kf4 Kc5 71. g4 Kd4 72. g5 Re8 73. g6 Rf8+ 74. Kg4 Ke5 75. Bg2 Kf6 76. Be4 Re8 77. Bf5 Re5 78. g7 Kxg7 79. Be6 Kf6 80. Kf4 Re1 81. Kf3 Ra1 82. Kf4 Ra4+ 83. Ke3 Ke5 84. Kd3 Ra3+ 85. Kc4 Rh3 86. Kb5 Rc3 87. Kb4 Rc5 88. Kb3 Rxd5 89. Bxd5 Kxd5 90. Kc3 Ke4 91. Kd2 Kd4 92. Ke2 Kc3 93. Kd1 Kd3 94. Ke1 d5 95. Kd1 d4 96. Ke1 Kc2 0-1

[Event "Budapest One Week GM-A 12"]
[Site "Budapest"]
[Date "2024.12.19"]
[Round "7"]
[White "Maerevoet, Sim"]
[Black "Paszewski, Mateusz"]
[Result "1-0"]
[WhiteElo "2421"]
[BlackElo "2344"]
[PlyCount "103"]
[EventDate "2024.12.16"]
[EventType "tourn"]
[EventRounds "9"]
[EventCountry "HUN"]
[EventCategory "6"]
[SourceTitle "CB52_2024"]
[SourceDate "2024.12.25"]
[SourceVersion "1"]
[SourceVersionDate "2024.12.25"]
[SourceQuality "1"]

1. d4 d5 2. c4 e6 3. Nc3 Nf6 4. Bg5 dxc4 5. e3 c5 6. Bxf6 Qxf6 7. d5 Bd6 8. Bxc4 exd5 9. Bxd5 Qe7 10. Nf3 0-0 11. 0-0 Nc6 12. Ne4 Bc7 13. Rc1 Bb6 14. a3 Bg4 15. h3 Bh5 16. Ng3 Bg6 17. Qa4 Rac8 18. Rfd1 Rfd8 19. h4 h6 20. h5 Bh7 21. Qg4 Bc7 22. Nf5 Qf6 23. Be4 Ne5 24. Nxe5 Bxe5 25. b4 b6 26. bxc5 bxc5 27. g3 Re8 28. Rd7 Bxf5 29. Bxf5 Bb2 30. Rcd1 Rcd8 31. Bc2 Rxd7 32. Qxd7 Rf8 33. Qxa7 Qc3 34. Be4 Qxa3 35. Qd7 Qb3 36. Rd5 Qb8 37. Qf5 Rd8 38. Rxc5 Bf6 39. Rb5 Qd6 40. Rb7 Kf8 41. Kg2 Qe6 42. Qh7 Rd7 43. Rb8+ Ke7 44. Bf3 Rd8 45. Rb7+ Rd7 46. Rb4 Qa2 47. Re4+ Kd8 48. Bg4 Rd2 49. Qg8+ Kc7 50. Rc4+ Kd6 51. Qf8+ Ke5 52. Qe8+ 1-0

[Event "Budapest One Week GM-A 12"]
[Site "Budapest"]
[Date "2024.12.18"]
[Round "5"]
[White "Maerevoet, Sim"]
[Black "Aczel, Gergely"]
[Result "1/2-1/2"]
[WhiteElo "2421"]
[BlackElo "2485"]
[PlyCount "50"]
[EventDate "2024.12.16"]
[EventType "tourn"]
[EventRounds "9"]
[EventCountry "HUN"]
[EventCategory "6"]
[SourceTitle "CB52_2024"]
[SourceDate "2024.12.25"]
[SourceVersion "1"]
[SourceVersionDate "2024.12.25"]
[SourceQuality "1"]

1. Nf3 d5 2. g3 c6 3. c4 a6 4. Bg2 dxc4 5. 0-0 b5 6. d3 cxd3 7. Ne5 Bb7 8. a4 e6 9. Nc3 Nf6 10. Bg5 Be7 11. axb5 axb5 12. Rxa8 Bxa8 13. Qxd3 Qxd3 14. Nxd3 Nbd7 15. Ra1 0-0 16. Ra7 Rd8 17. Nxb5 cxb5 18. Rxa8 Rxa8 19. Bxa8 Nc5 20. Nxc5 Bxc5 21. Bd2 Kf8 22. b4 Bd6 23. e4 Ne8 24. Bc6 Nc7 25. f4 e5 1/2-1/2

[Event "Budapest One Week GM-A 12"]
[Site "Budapest"]
[Date "2024.12.16"]
[Round "2"]
[White "Plat, Vojtech"]
[Black "Maerevoet, Sim"]
[Result "1/2-1/2"]
[WhiteElo "2457"]
[BlackElo "2421"]
[PlyCount "21"]
[EventDate "2024.12.16"]
[EventType "tourn"]
[EventRounds "9"]
[EventCountry "HUN"]
[EventCategory "6"]
[SourceTitle "CB52_2024"]
[SourceDate "2024.12.25"]
[SourceVersion "1"]
[SourceVersionDate "2024.12.25"]
[SourceQuality "1"]

1. d4 Nf6 2. Nf3 d5 3. e3 e6 4. c4 b6 5. Nc3 Bb7 6. cxd5 exd5 7. Ne5 Bd6 8. f4 0-0 9. Bd3 c5 10. 0-0 Nc6 11. Bd2 1/2-1/2

[Event "Titled Tuesday intern op 26th Nov Late"]
[Site "Chess.com INT"]
[Date "2024.11.26"]
[Round "2"]
[White "Maerevoet, Sim"]
[Black "Filipovic, Slobodan J"]
[Result "0-1"]
[WhiteElo "2418"]
[BlackElo "2198"]
[PlyCount "42"]
[EventDate "2024.11.26"]
[EventType "swiss (blitz)"]
[EventRounds "11"]
[EventCountry "USA"]
[SourceTitle "CB49_2024"]
[SourceDate "2024.12.04"]
[SourceVersion "1"]
[SourceVersionDate "2024.12.04"]
[SourceQuality "1"]

1. e4 c5 2. Nf3 Nc6 3. d4 cxd4 4. Nxd4 e5 5. Nb5 d6 6. c4 a6 7. N5c3 Be6 8. Nd5 Bxd5 9. cxd5 Nd4 10. Be3 Nf6 11. Bxd4 exd4 12. Qxd4 Be7 13. Nc3 0-0 14. Be2 Rc8 15. 0-0 Nd7 16. Bg4 Bf6 17. Qe3 Rc4 18. Rfe1 Nc5 19. Be2 Rb4 20. f4 Bd4 21. Qxd4 Rxd4 0-1

[Event "Leuven op 35th"]
[Site "Leuven"]
[Date "2024.11.09"]
[Round "2"]
[White "Maerevoet, Sim"]
[Black "McMichael, Richard"]
[Result "1/2-1/2"]
[WhiteElo "2418"]
[BlackElo "2113"]
[PlyCount "114"]
[EventDate "2024.11.08"]
[EventType "swiss"]
[EventRounds "7"]
[EventCountry "BEL"]
[SourceTitle "CB45_2024"]
[Source "ChessBase"]
[SourceDate "2024.11.06"]
[SourceVersion "1"]
[SourceVersionDate "2024.11.06"]
[SourceQuality "1"]

1. Nf3 e6 2. g3 b6 3. Bg2 Bb7 4. 0-0 f5 5. d3 Nf6 6. Nbd2 Be7 7. e4 fxe4 8. dxe4 0-0 9. e5 Ng4 10. Qe2 Nc6 11. h3 Nh6 12. Ne4 Qe8 13. b3 Qg6 14. Bb2 Rf7 15. Rad1 Rd8 16. c4 Nf5 17. Rd2 Nb8 18. Nh2 h5 19. Kh1 Rdf8 20. Rg1 c5 21. Nf6+ Bxf6 22. Bxb7 Bg5 23. f4 d5 24. exd6 Rxb7 25. fxg5 Nc6 26. Nf3 Rd7 27. Ne5 Nxe5 28. Bxe5 Qxg5 29. Rd3 h4 30. gxh4 Qxh4 31. Rg4 Qh7 32. Bh2 Nd4 33. Rdxd4 cxd4 34. Qxe6+ Rdf7 35. Rxd4 Qb1+ 36. Bg1 Qf5 37. Qxf5 Rxf5 38. b4 Rd8 39. Rd3 Kf7 40. c5 bxc5 41. bxc5 Ke6 42. Re3+ Re5 43. Rb3 Re1 44. a3 Rf8 45. Kg2 Rf7 46. Rb8 Kd5 47. Rb4 Kc6 48. Rb3 Rf5 49. Rd3 Rf7 50. Be3 Re2+ 51. Kg3 Rc2 52. h4 Rc4 53. h5 Re4 54. Bg5 Rc4 55. Be3 Re4 56. Bg5 Rc4 57. Be3 Re4 1/2-1/2

[Event "Olympiad-45"]
[Site "Budapest"]
[Date "2024.09.18"]
[Round "7.2"]
[White "Maerevoet, Sim"]
[Black "Meftahi, Houssem"]
[Result "0-1"]
[WhiteElo "2432"]
[BlackElo "2112"]
[PlyCount "100"]
[EventDate "2024.09.11"]
[EventType "team-swiss"]
[EventRounds "11"]
[EventCountry "HUN"]
[SourceTitle "EXT 2025"]
[Source "ChessBase"]
[SourceDate "2024.10.14"]
[SourceVersion "1"]
[SourceVersionDate "2024.10.14"]
[SourceQuality "1"]
[WhiteTeam "Belgium"]
[BlackTeam "Tunisia"]
[WhiteTeamCountry "BEL"]
[BlackTeamCountry "TUN"]

1. c4 e6 2. Nf3 d5 3. g3 Nf6 4. Bg2 Bd6 5. d4 c6 6. b3 Nbd7 7. Bb2 Qa5+ 8. Nbd2 Ba3 9. Qc1 Bxb2 10. Qxb2 0-0 11. 0-0 Re8 12. b4 Qd8 13. Rfc1 b6 14. cxd5 exd5 15. e3 Bb7 16. Rc2 Rc8 17. a4 Nb8 18. Ne5 Nfd7 19. Nd3 Nf8 20. Rac1 Re7 21. Bh3 Ne6 22. Nf3 Qe8 23. Qa3 Rd8 24. b5 Rc7 25. bxc6 Rxc6 26. Nde5 Rxc2 27. Rxc2 f6 28. Nd3 Nc6 29. Nb2 Nf8 30. Bg2 Na5 31. Nh4 Rc8 32. Rxc8 Qxc8 33. Nd3 g5 34. Nf3 Qd7 35. h4 Nc4 36. Qc3 h6 37. hxg5 hxg5 38. Nh2 Qxa4 39. Ng4 Qd1+ 40. Kh2 Qxg4 41. e4 Qh5+ 42. Kg1 Qd1+ 43. Kh2 Qd2 44. Qb3 Na5 45. Qb5 Bc6 46. Qb1 dxe4 47. Nb4 Qxd4 48. Qa2+ Kg7 49. Qa3 Bb7 50. Nc2 Qc5 0-1

[Event "Olympiad-45"]
[Site "Budapest"]
[Date "2024.09.15"]
[Round "5.31"]
[White "Wong, Jianwen"]
[Black "Maerevoet, Sim"]
[Result "1/2-1/2"]
[WhiteElo "2231"]
[BlackElo "2432"]
[PlyCount "197"]
[EventDate "2024.09.11"]
[EventType "team-swiss"]
[EventRounds "11"]
[EventCountry "HUN"]
[SourceTitle "EXT 2025"]
[Source "ChessBase"]
[SourceDate "2024.10.14"]
[SourceVersion "1"]
[SourceVersionDate "2024.10.14"]
[SourceQuality "1"]
[WhiteTeam "Malaysia"]
[BlackTeam "Belgium"]
[WhiteTeamCountry "MAS"]
[BlackTeamCountry "BEL"]

1. Nf3 d5 2. c4 d4 3. g3 Nc6 4. Bg2 e5 5. d3 Nf6 6. 0-0 Bc5 7. b4 Nxb4 8. Nxe5 0-0 9. a3 Nc6 10. Nxc6 bxc6 11. Nd2 Qe7 12. Nb3 Bg4 13. Ra2 Rab8 14. Na5 Rb6 15. h3 Bh5 16. Bf4 Ra6 17. Qd2 Qxe2 18. Nb3 Rxa3 19. Rxa3 Bxa3 20. Ra1 Qxd2 21. Bxd2 Bb2 22. Rxa7 Bg6 23. Bf1 h6 24. Rxc7 Bc3 25. Bf4 Rb8 26. Nc5 Rb2 27. g4 Be1 28. Bg3 Rb6 29. h4 Bb4 30. Nd7 Nxd7 31. Rxd7 h5 32. gxh5 Bxh5 33. Rxd4 Kh7 34. Rd8 Be7 35. Rd7 Bf6 36. Bg2 Bg6 37. Be4 c5 38. Rxf7 Bd4 39. Bxg6+ Kxg6 40. Rf3 Rb1+ 41. Kg2 Rd1 42. Bf4 Kh5 43. Bg5 Kg4 44. Be3 Rxd3 45. Rf4+ Kh5 46. Bxd4 cxd4 47. Kf1 Rd2 48. Ke1 Rc2 49. Rxd4 g5 50. hxg5 Kxg5 51. Kf1 Kf5 52. Kg2 Rc3 53. f3 Rc1 54. Re4 Ra1 55. Kf2 Ra3 56. Re3 Ra2+ 57. Kg3 Rc2 58. Re4 Rc1 59. Kf2 Rc3 60. Ke2 Ra3 61. Rd4 Ke5 62. Rd3 Ra4 63. Rc3 Kd4 64. Rc2 Ra6 65. c5 Re6+ 66. Kd2 Rc6 67. Rc1 Rh6 68. Re1 Kxc5 69. Re4 Rh8 70. Ke3 Kd5 71. Kf2 Rf8 72. Kg3 Rg8+ 73. Kh3 Rf8 74. Kg4 Rg8+ 75. Kf4 Rf8+ 76. Ke3 Rh8 77. Kf2 Rf8 78. Re2 Kd6 79. Re1 Kd5 80. Re3 Kd6 81. Kg3 Rg8+ 82. Kh4 Rf8 83. Kg5 Rg8+ 84. Kf6 Rf8+ 85. Kg7 Rf4 86. Kh6 Rf8 87. Kg6 Kd5 88. Kg5 Rg8+ 89. Kf6 Rf8+ 90. Kg5 Rg8+ 91. Kf5 Rf8+ 92. Kg4 Rg8+ 93. Kf4 Rf8+ 94. Kg3 Rg8+ 95. Kf2 Rf8 96. Re4 Rg8 97. Ke3 Rh8 98. Kd2 Kc5 99. Ke3 1/2-1/2

[Event "Ghent op 45th"]
[Site "Ghent"]
[Date "2024.07.23"]
[Round "7"]
[White "Maerevoet, Sim"]
[Black "Bekker, Stefan"]
[Result "0-1"]
[WhiteElo "2436"]
[BlackElo "2313"]
[PlyCount "78"]
[EventDate "2024.07.20"]
[EventType "swiss"]
[EventRounds "9"]
[EventCountry "BEL"]
[SourceTitle "CBM 221 Extra"]
[Source "ChessBase"]
[SourceDate "2024.09.30"]
[SourceVersion "1"]
[SourceVersionDate "2024.09.30"]
[SourceQuality "1"]

1. d4 Nf6 2. Bg5 d5 3. Nd2 g6 4. Bxf6 exf6 5. e3 Bg7 6. Ne2 c6 7. g3 h5 8. h4 Bg4 9. Bg2 Qe7 10. Qc1 Bxe2 11. Kxe2 f5 12. Nf3 Nd7 13. Rd1 Nf6 14. Kf1 Ne4 15. Kg1 b5 16. c3 a6 17. a4 0-0 18. Qc2 Qd6 19. Ne1 Rae8 20. Nd3 Bh6 21. Nf4 Re7 22. axb5 axb5 23. Ra6 Rfe8 24. Bxe4 Bxf4 25. gxf4 fxe4 26. Kg2 Rc7 27. Qe2 Rb8 28. b4 Qd8 29. Kg3 Ra8 30. Rda1 Rxa6 31. Rxa6 Qd7 32. f3 exf3 33. Qxf3 Qf5 34. Ra8+ Kg7 35. Ra6 Rc8 36. Ra7 Re8 37. Kf2 Qc2+ 38. Qe2 Qxc3 39. Rc7 Re6 0-1

[Event "Ghent op 45th"]
[Site "Ghent"]
[Date "2024.07.23"]
[Round "8"]
[White "Maerevoet, Sim"]
[Black "Nemegeer, Arne"]
[Result "1/2-1/2"]
[WhiteElo "2436"]
[BlackElo "2241"]
[PlyCount "39"]
[EventDate "2024.07.20"]
[EventType "swiss"]
[EventRounds "9"]
[EventCountry "BEL"]
[SourceTitle "CBM 221 Extra"]
[Source "ChessBase"]
[SourceDate "2024.09.30"]
[SourceVersion "1"]
[SourceVersionDate "2024.09.30"]
[SourceQuality "1"]

1. e4 c5 2. Nf3 d6 3. d4 cxd4 4. Nxd4 Nf6 5. Nc3 Nc6 6. Bg5 e6 7. Qd2 a6 8. 0-0-0 Bd7 9. f3 Nxd4 10. Qxd4 Be7 11. h4 Qc7 12. Kb1 b5 13. g4 0-0 14. Qd2 b4 15. Ne2 Rfc8 16. Nd4 a5 17. Bd3 a4 18. Qxb4 Rab8 19. Qd2 d5 20. c3 1/2-1/2

[Event "Ghent op 45th"]
[Site "Ghent"]
[Date "2024.07.21"]
[Round "3"]
[White "Stuer, Marc"]
[Black "Maerevoet, Sim"]
[Result "0-1"]
[WhiteElo "2046"]
[BlackElo "2436"]
[PlyCount "44"]
[EventDate "2024.07.20"]
[EventType "swiss"]
[EventRounds "9"]
[EventCountry "BEL"]
[SourceTitle "CBM 221 Extra"]
[Source "ChessBase"]
[SourceDate "2024.09.30"]
[SourceVersion "1"]
[SourceVersionDate "2024.09.30"]
[SourceQuality "1"]

1. d4 Nf6 2. Nf3 d5 3. g3 c5 4. Bg2 cxd4 5. 0-0 h6 6. b3 h5 7. h4 Bg4 8. Bb2 Bxf3 9. exf3 Nc6 10. Bxd4 Nxd4 11. Qxd4 g6 12. Re1 Bg7 13. Qb4 0-0 14. Nd2 Rc8 15. Rad1 e6 16. c4 Qc7 17. f4 Rfd8 18. cxd5 Nxd5 19. Bxd5 Rxd5 20. Nc4 Bf8 21. Qc3 Rxd1 22. Rxd1 b5 0-1

[Event "BEL-ch"]
[Site "Lier"]
[Date "2024.07.07"]
[Round "2"]
[White "Dreelinck, Jacob"]
[Black "Maerevoet, Sim"]
[Result "0-1"]
[WhiteElo "2310"]
[BlackElo "2436"]
[PlyCount "94"]
[EventDate "2024.07.06"]
[EventType "tourn"]
[EventRounds "9"]
[EventCountry "BEL"]
[EventCategory "6"]
[SourceTitle "CBM 221 Extra"]
[Source "ChessBase"]
[SourceDate "2024.09.30"]
[SourceVersion "1"]
[SourceVersionDate "2024.09.30"]
[SourceQuality "1"]

1. e4 c5 2. b4 cxb4 3. d4 d5 4. Nd2 dxe4 5. Nxe4 Nf6 6. Bd3 Nbd7 7. Qf3 e6 8. Bf4 Nxe4 9. Qxe4 Nf6 10. Bb5+ Bd7 11. Qxb7 Bxb5 12. Qxb5+ Qd7 13. Qxd7+ Kxd7 14. Nf3 Nd5 15. Ne5+ Ke8 16. Bc1 Rc8 17. Kd2 Be7 18. g3 f6 19. Nd3 Nb6 20. a3 bxa3 21. Nc5 Bxc5 22. dxc5 Rxc5 23. Bxa3 Nc4+ 24. Ke2 Rc7 25. Bb4 Kf7 26. Ra6 Rb8 27. c3 Rd8 28. Rha1 Rd2+ 29. Ke1 Rdd7 30. h4 h5 31. Rd1 Rxd1+ 32. Kxd1 e5 33. Ke2 Kg6 34. Kd3 Kf5 35. Bd6 Nxd6 36. Rxd6 Kg4 37. Ke2 Kh3 38. Rd3 a5 39. Rd5 Rxc3 40. Rxa5 Kg2 41. Ra7 Rc2+ 42. Ke1 Rxf2 43. Rxg7 f5 44. Rg5 e4 45. Rg8 e3 46. Rg5 f4 47. gxf4+ Kf3 0-1